000 00271nam a22001217a 4500
008 170131b xxu||||| |||| 00| 0 eng d
041 _aeng
080 _a61
100 _a3
101 _aSHM
245 _aTABER'S CYCLOPEDIC MEDICAL DICTIONARY
_cVENES, D
942 _2udc
_cBK
999 _c4125
_d4125